Drobnoštruktúrna analýza vnútornej stavby serpentinitových telies v Spišsko-gemerskom rudohorí

Bibliographic Details
Main Authors: Jaroš, Jozef (Author), Kratochvíl, Miloš (Author), Zlocha, Jozef, 1940-2001 (Author)
Format: Article
Language:Slovak
PhysicalDescription:Obr. 12. Fot. 6. Res. rus., angl.
Subjects:

MARC

LEADER 00000nab a2200000 a 4500
001 vtls000107400
003 SK-MaSNL
005 20260304072727.0
008 250423c1981 xo 0 slo
015 |a SNBRB19rr/mm-uuuuu 
035 |a CL0117503 
035 |a (urnnbn)urn:nbn:sk:snk:ar-005ifv 
035 |a (uuid)5c095df3-25be-40e3-bc97-9f8f67fa6948 
035 |a urn:nbn:sk:snk-ab7z5q 
040 |a SNKBUCL  |b slo  |c SNKBUCL  |e AACR2 
041 0 |a slo 
044 |a xo  |c SK 
080 |a 549  |2 1981 
100 1 |a Jaroš, Jozef  |4 aut  |9 272867 
245 1 0 |a Drobnoštruktúrna analýza vnútornej stavby serpentinitových telies v Spišsko-gemerskom rudohorí  |c Jozef Jaroš, Miloš Kratochvíl, Jozef Zlocha 
300 |b Obr. 12. Fot. 6. Res. rus., angl. 
650 0 7 |a serpentinit  |2 snkbucl  |9 1360767 
650 0 7 |a telesá serpentinitové  |2 snkbucl  |9 1360768 
650 0 7 |a Spišsko-gemerské rudohorie (Slovensko : pohorie)  |2 snkbucl  |9 935233 
655 7 |a články z novín a časopisov  |2 snkbucl  |9 267496 
700 1 |a Kratochvíl, Miloš  |4 aut  |9 376887 
700 1 |a Zlocha, Jozef,  |d 1940-2001  |4 aut  |9 29060 
773 0 |t Mineralia slovaca  |g Roč. 13, č. 6 (1981), s. 527-548 
850 |a Slovenská národná knižnica 
852 |a Slovenská národná knižnica 
954 |a odborná, vedecká literatúra pôvodná (slovenská)  |2 lita 
958 |a article9 
958 |a OND 
958 |a RK 
958 |a EUIPO 
992 |a RBX 
999 |c 2767751  |d 2769681